La roca y la espuma : (Record no. 84086)
[ view plain ]
| 000 -LEADER | |
|---|---|
| campo de control de longitud fija | 00498nam a2200169 i 4500 |
| 001 - NÚMERO DE CONTROL | |
| campo de control | 84086 |
| 003 - IDENTIFICADOR DE NÚMERO DE CONTROL | |
| campo de control | ES-MaACL |
| 005 - FECHA Y HORA DE LA ÚLTIMA TRANSACCIÓN | |
| campo de control | 20230906174937.0 |
| 007 - CAMPO FIJO DE DESCRIPCIÓN FÍSICA--INFORMACIÓN GENERAL | |
| campo de control de longitud fija | t| |
| 008 - DATOS DE LONGITUD FIJA--INFORMACIÓN GENERAL | |
| campo de control de longitud fija | 041119s1965 cu ||||1| spa d |
| 100 1# - ENTRADA PRINCIPAL--NOMBRE DE PERSONA | |
| Nombre de persona | Iznaga, Alcides. |
| 9 (RLIN) | 65693 |
| 245 13 - MENCIÓN DEL TÍTULO | |
| Título | La roca y la espuma : |
| Resto del título | poemas / |
| Mención de responsabilidad, etc. | Alcides Iznaga. |
| 260 ## - PUBLICACIÓN, DISTRIBUCIÓN, ETC. | |
| Lugar de publicación, distribución, etc. | [La Habana] : |
| Nombre del editor, distribuidor, etc. | Universidad Central de Las Villas, |
| Fecha de publicación, distribución, etc. | 1965. |
| 300 ## - DESCRIPCIÓN FÍSICA | |
| Extensión | 294 p. ; |
| Dimensiones | 21 cm. |
| 710 2# - ENTRADA AGREGADA--NOMBRE DE ENTIDAD CORPORATIVA | |
| Nombre de entidad corporativa o nombre de jurisdicción como elemento de entrada | Universidad Central de Las Villas. |
| 9 (RLIN) | 7082 |
| 852 4# - LOCALIZACIÓN | |
| Ubicación | ES-MaACL |
| Número de control de estantería | C-32774 |
| Estatus retirado | Estado de pérdida | Estado de daño | No para préstamo | Biblioteca de origen | Biblioteca actual | Ubicación en estantería | Fecha de adquisición | Fuente de adquisición | Total de préstamos | Signatura topográfica completa | Código de barras | Visto por última vez | Precio de reemplazo | Tipo de ítem Koha |
|---|---|---|---|---|---|---|---|---|---|---|---|---|---|---|
| Biblioteca del Ateneo de Madrid | Biblioteca del Ateneo de Madrid | Depósito 2 | 17/01/2008 | C-32774 | 1087876 | 23/02/2023 | 23/02/2023 | Libro impreso |
